| 000 | 00534nam a22001457a 4500 | ||
|---|---|---|---|
| 082 | _a620.005 | ||
| 100 | _aTariq, Anum | ||
| 245 |
_aAssessment of Project Management Maturity in IT Power Sector Organization of Pakistan and Recommendations for its Improvement / _cAnum Tariq |
||
| 260 |
_aIslamabad : _bCEME - NUST, _c2017. |
||
| 300 |
_a104 p. ; _c30cm. |
||
| 650 |
_aEngineering Management-MS-Thesis _916065 |
||
| 700 |
_aDr. Faheem Qaisar Jamal _929304 |
||
| 942 |
_2ddc _cTHE |
||
| 999 |
_c536460 _d536460 |
||